| 000 | 00671nam a22001697a 4500 | ||
|---|---|---|---|
| 003 | NUST | ||
| 005 | 20230206122349.0 | ||
| 020 | _a9698125191 | ||
| 082 | _a954.9045,HUS | ||
| 100 |
_aHussain, Abrar _999025 |
||
| 245 |
_aMen of Steel : _b6 Armoured Division in the 1965 War / _cMaj Gen Abrar Hussain, |
||
| 260 |
_6Army Education Directorate _bRawalpindi _c2005 |
||
| 300 | _a153 p | ||
| 505 | _aThe Background (Page-1), The Prelude to war (Page-4), The War with India (Page-10), Close Air support during 6 Armoured Division operations (Page-58), Logistical aspects (Page-62), Some essential statistics (Page-70), | ||
| 650 |
_aMen of Steel _999026 |
||
| 942 |
_2ddc _cBK |
||
| 999 |
_c591445 _d591445 |
||